000 00663nam a2200241Ia 4500
005 20260430150616.0
008 008 250103s9999 xx 000 0 eng d
037 _aTheses
040 _aCRL
040 _beng
040 _ceng
041 _2eng
041 _aeng
084 _qCRL
100 _aDas Shilpa Au.; Abbi Rajni Gu.
_91237993
245 0 _aCriminalising the Abuse of Dominance: A Journey through the Competition Laws of India and Other Developing Countries
260 _c2024
300 _a347p.
650 _aLaw
700 _aUniversity of Delhi. Faculty of Law. Deptt. of Law
_91236414
942 _cTH
999 _c1850200
_d1850200